[Event "Rockville Platonov Memorial"]
[Site "Rockville"]
[Date "2012.07.28"]
[Round "1"]
[White "Mikhalchishin, Adrian"]
[Black "Gurevich, Mikhail"]
[Result "1/2-1/2"]
[WhiteElo "2513"]
[BlackElo "2596"]
[Annotator "Mikhalchishin,A"]
[PlyCount "85"]
[EventDate "2012.07.28"]
[EventType "tourn"]
[EventRounds "5"]
[EventCountry "USA"]
[EventCategory "12"]
[SourceTitle "CBM 149 Extra"]
[Source "ChessBase"]
[SourceDate "2012.08.24"]
[SourceVersion "1"]
[SourceVersionDate "2012.08.24"]
[SourceQuality "1"]
[WhiteClock "0:24:10"]
[BlackClock "0:00:44"]

1. d4 f5 2. Nf3 Nf6 ({We played the favourite line of Gurevich a few years ago:
} 2... g6 3. g3 Bg7 4. Bg2 d6 5. b4 Nf6 6. Bb2 Nc6 7. c4 $1 e5 (7... Nxb4 8.
Qa4+ Nc6 9. d5 b5 10. cxb5 $138 (10. Qxb5 Rb8 11. Qxc6+) 10... Nb8 11. O-O Nbd7
12. Nd4 $16) 8. b5 (8. d5 Ne7 9. Ng5 c6 10. Ne6 Bxe6 11. dxe6 Qc7 12. b5 O-O
13. O-O Rfd8 14. Qb3 $13) (8. dxe5 {was not bad:} Ng4 9. b5 (9. O-O Ncxe5 10.
Nxe5 dxe5 11. Qxd8+ Kxd8 12. b5 Rb8 13. Nd2 Bf6 14. e4 Re8 15. Rad1 Ke7 16.
exf5 gxf5 17. h3 Nh6 18. Rfe1 Kf7 19. Re3 Kg7 20. Rde1 Nf7 21. c5 Be6 22. f4 e4
23. Bxf6+ Kxf6 24. g4 Rbd8 25. gxf5 Rxd2 26. fxe6 Rxe6 27. a4 Rc2 28. Rxe4 Rxe4
29. Bxe4 Rxc5 30. Bxb7 Nd6 31. Bc6 Rc4 32. a5 {1/2 Turova,I (2386)-Muzychuk,A 
(2474)/Sochi 2007}) 9... Ncxe5 10. Qb3 O-O 11. O-O Be6 12. Nbd2 Qd7 $11) 8...
Nxd4 9. Nxd4 exd4 10. Bxd4 (10. Qxd4 O-O 11. O-O Rf7 12. Nc3 Ne4 13. Qd3 Nc5
$15) 10... O-O 11. Nc3 (11. Nd2 Nd7 12. Nb3 $14) 11... Nd7 12. O-O (12. Na4 Nb6
13. c5 Nxa4 (13... dxc5 14. Bxg7 Kxg7 15. Nxc5 Qe7 16. Qc2 $14) 14. Qxa4 dxc5
15. Qc4+ Rf7 16. Bxg7 Kxg7 17. Qxc5 f4 $13) (12. f4 Nc5 13. O-O Be6 14. Nd5 Qd7
$11) 12... Nc5 13. Bxc5 $5 (13. e3 Be6 14. Nd5 Qd7 15. Qc2 Rae8 16. Rac1 Qf7
17. Rfd1 g5 $132) 13... dxc5 (13... Bxc3 14. Rc1 Bg7 15. Bd5+ Kh8 16. Bd4 $16)
14. Rc1 a6 15. Qd5+ Qxd5 16. Nxd5 axb5 17. cxb5 c6 18. bxc6 bxc6 19. Ne7+ Kh8
20. Nxc8 Rfxc8 21. Rxc5 Rxa2 22. e3 Ra6 23. Rfc1 h6 24. Rxc6 Raxc6 25. Bxc6 Bf6
{1/2 Mihalcisin-Gurevich,M/Turkey 2006}) 3. g3 g6 4. Bg2 Bg7 5. c4 d6 6. b4 e5
7. dxe5 dxe5 $1 {Practically a novelty, as all strong players have prefered to
recapture on e5 with the knight. Which is absolutely weaker!} (7... Ng4 8. Bg5
(8. Bb2 Nxe5 9. Nxe5 (9. Qb3 Qe7 10. O-O a5 11. Nc3 c6 12. b5 Be6 13. Nxe5 Bxe5
14. Rad1 O-O 15. f4 Bf6 16. Ba3 Qf7 17. Rxd6 Be7 18. Rd4 Bf6 19. Rd2 Bxc4 20.
Qc2 Re8 21. bxc6 bxc6 22. Rfd1 Ra7 23. e4 Be7 24. Bxe7 Qxe7 25. Na4 Bb5 26. Nc5
fxe4 27. Nxe4 Qg7 28. a4 Ba6 29. Qb3+ Kf8 30. Nd6 Rd8 31. Nf5 Rxd2 32. Nxg7
Rxd1+ 33. Qxd1 Rd7 34. Ne6+ {1-0 Shchekachev,A (2537)-Lindam,I (2037)/Ghent
2011}) 9... Bxe5 10. Qd2 Nd7 11. O-O a5 12. b5 Nc5 13. Bxe5 dxe5 14. Qh6 Be6
15. Qg7 Rf8 16. Qxe5 Qf6 17. Qxc5 Qxa1 18. Bxb7 Rd8 19. Qxc7 Qd4 20. e3 Qf6 21.
Bc6+ Bd7 22. Bxd7+ Rxd7 23. Qxa5 g5 24. Nc3 f4 25. exf4 gxf4 26. Nd5 Qd4 27.
Qa8+ Kf7 28. Qc6 Ra7 29. Nxf4 Kg8 30. Ne6 {1-0 Ivanov,M (2455)-Minor,S (2166)/
Korbach 2007}) 8... Qd7 9. Nc3 h6 10. Bf6 Nxf6 11. exf6 Bxf6 12. Rc1 O-O 13.
O-O Qg7 14. Nd5 Bd8 15. Qd2 (15. Nd4 {is even stronger:}) 15... Nd7 16. Nd4 Ne5
17. Nf4 Bg5 18. e3 Bxf4 19. gxf4 Nf7 20. c5 a6 21. Qc2 c6 22. a4 d5 23. b5 axb5
24. axb5 Nd8 25. bxc6 bxc6 26. Nxc6 {1-0 Dziuba,M (2536)-Kovacevic,B (2457)/
Pardubice 2007}) 8. Qxd8+ Kxd8 9. Bb2 e4 10. Ng5 {There were other very
serious and maybe better options.} (10. Nd4 Ke7 11. Nc3 Kf7 12. f3 exf3 13.
Bxf3 Na6 14. Nd5 c6 15. b5 cxd5 16. bxa6 dxc4 17. axb7 Bxb7 18. Bxb7 Rab8 19.
Nb5 Bf8 20. Bxf6 Kxf6 21. Bc6 Rb6 22. Bd7 Bb4+ 23. Kf2 Rb7 24. Rhd1 a6 25. Bc6
{with better chances for White.}) (10. Ne5 Ke7 11. f3 exf3 12. exf3 Re8 13. O-O
Kf8 14. Na3 Nfd7 15. Nd3 Bxb2 16. Nxb2 Na6 17. Nd3 Ne5 18. Nxe5 Rxe5 19. f4 Re2
20. Nb5 c6 21. Nd4 Rd2 22. Nb3 {with a slight advantage.}) 10... Ke7 11. f3 (
11. Nc3 {was logical:} c6 (11... Rd8 {was possible:} 12. Nd5+ Nxd5 13. Bxg7
Nxb4 14. O-O N8c6) 12. O-O h6 13. Nh3 g5 14. f3 exf3 15. exf3 Be6 16. Ne2 $1
Bxc4 17. Nd4 {with very unclear play.}) 11... h6 ({The same position occurs
after} 11... exf3 12. exf3 h6 13. Nh3 Kf7 14. Nd2 Re8+ 15. Kd1 Nc6 16. a3 Ng4
17. Bxg7 Ne3+ 18. Kc1 Kxg7 19. Re1 Nd4 20. Ra2 Bd7 21. Bh1 Nxc4 22. Rxe8 Rxe8
23. Nxc4 Re1+ 24. Kd2 Re2+ 25. Kd3 Rxa2 26. Kxd4 Rxh2 27. Nf4 Rxh1 28. Ne5 g5 {
0-1 Murali Krishnan,B (2331)-Babu,N (2386)/Nagpur 2002/CBM 086 ext}) 12. Nh3
exf3 13. Bxf3 {It was stronger was to take with the pawn as in the above game.}
Kf7 14. Nf4 ({For some reason I disliked the logical continuation} 14. O-O g5
15. Nf2) 14... Re8 15. Nd2 (15. Nc3 {was no worse:} Ne4 16. Rc1) 15... Nc6 16.
a3 $6 ({In such situations the great Tigran Petrosian would exchange his
bishop without hesitation:} 16. Bxc6 bxc6 17. Nb3 {and would try to exploit
the pawn weaknesses.}) 16... Ne5 17. Bxe5 $6 ({I was pessimistic about} 17.
O-O-O Neg4 18. Bxg4 Nxg4 19. Bxg7 Kxg7 20. Nd5 {but for no reason, as I see
now.}) 17... Rxe5 18. O-O g5 19. Nd3 Re3 {Here I overestimated this position
in the long term - White has serious problems.} 20. c5 $5 {A pawn sacrifice,
but it was necessary to be more stubborn.} (20. Rae1 a5 21. b5) 20... g4 21.
Bg2 Rxe2 22. Nc4 ({I could not decide between two moves here:} 22. Rad1) 22...
Ne4 23. Nce5+ ({Even here a possibly better way was} 23. Rad1 Bd4+ 24. Kh1 Bf6
25. Nf4 Nf2+ 26. Kg1 Nxd1 27. Nxe2 Nc3 28. Nxc3 Bxc3 29. Rd1) 23... Kg8 24.
Rae1 Rxe1 25. Rxe1 a5 $1 {A very unpleasant move, destroying my beautiful pawn
structure.} 26. b5 ({A better try seems to be} 26. c6 axb4 27. axb4 bxc6 28.
Nxc6 Kh7 29. Bxe4 fxe4 30. Nc5) 26... Be6 27. Bxe4 fxe4 28. Rxe4 Rd8 29. Kf1 ({
Not} 29. Kf2 Bf5 30. Re3 Bxd3 31. Nxd3 Bd4) 29... Bf5 30. Re3 Rd5 31. b6 cxb6 (
31... c6 {was very strong, but Gurevich was afraid of a sacrifice on c6.}) 32.
cxb6 Rd6 33. Nf4 Rxb6 34. Nc4 Rb1+ 35. Ke2 {Suddenly my knights started to
control important squares, but Black has still an extra pawn.} Bd7 $1 36. Kd2
Rb5 ({Risky but correct was} 36... Rh1 37. Re7 Bb5 38. Nd6 Rxh2+ 39. Ke3 Bc6
40. Ne6 Be5 41. Nf5 Bf6) 37. Re7 Bc6 38. Rc7 Ba1 39. Ne6 (39. Rc8+ {was
slightly better:} Kg7 40. a4 Rb4 41. Nxa5 Bf3 42. Rc4 Rb2+ 43. Ke3) 39... Rf5 (
39... Rd5+ {was useful:} 40. Ke2 Bf6) 40. Rc8+ Kh7 ({Or} 40... Kf7 41. Nd8+ Kg7
42. Nxc6 bxc6 43. Rc7+ Kf8 44. Rc8+ Ke7 45. Rxc6) 41. Rc7+ Kg6 42. Nf4+ Kg5 43.
Nd6 1/2-1/2

[Event "Moscow Tal Memorial 5th"]
[Site "Moscow"]
[Date "2010.11.14"]
[Round "9"]
[White "Grischuk, Alexander"]
[Black "Nakamura, Hikaru"]
[Result "1/2-1/2"]
[WhiteElo "2760"]
[BlackElo "2729"]
[Annotator "Mueller,Karsten"]
[PlyCount "180"]
[EventDate "2010.11.05"]
[EventType "tourn"]
[EventRounds "9"]
[EventCountry "RUS"]
[EventCategory "21"]
[SourceTitle "CBM 139"]
[Source "ChessBase"]
[SourceDate "2010.11.18"]
[SourceVersion "1"]
[SourceVersionDate "2010.11.18"]
[SourceQuality "1"]

1. d4 f5 2. g3 Nf6 3. Bg2 g6 4. Nf3 Bg7 5. O-O O-O 6. b3 d6 7. Bb2 c6 8. Nbd2
a5 9. c4 Na6 10. Qc2 Qc7 11. a3 Re8 12. e4 fxe4 13. Nxe4 Bf5 14. Nh4 Bxe4 15.
Bxe4 Nxe4 16. Qxe4 e5 17. dxe5 Qb6 18. Qc2 dxe5 19. Bc1 Nc5 20. Rb1 Ne6 21. Be3
Nd4 22. Qe4 Qc5 23. a4 Qb4 24. Kg2 Re7 25. Nf3 Nf5 26. Rfd1 Nxe3+ 27. fxe3 Rf8
28. Rf1 Qa3 29. h4 Ref7 30. Qc2 Qc5 31. Rbe1 Bh6 32. Qe4 Qb4 33. Rb1 Qc3 34.
Rbd1 Qxb3 35. Rd3 Qc2+ 36. Rf2 Qb1 37. Rf1 Qc2+ 38. Rf2 Qxa4 39. h5 gxh5 40.
Rd6 Bg7 41. Kh3 h6 42. Rg6 Qb4 43. Nh4 Qe7 44. Rd2 Rf6 45. c5 Qe6+ 46. Kg2 Rxg6
47. Nxg6 Ra8 48. Qb1 Qf7 49. Rf2 Qd7 50. Kh2 Qe6 51. Qxb7 Re8 52. Nh4 Rf8 53.
Rxf8+ Bxf8 54. Qa8 Qa2+ 55. Ng2 Qd5 56. Qxa5 Qxc5 57. Qa8 Kg7 58. Nh4 Qc2+ 59.
Kh3 Qe4 60. Qb7+ Kf6 61. Kh2 Be7 62. Qa8 Kf7 63. Qb7 Qc4 64. Qc7 Qe2+ 65. Ng2
Qb5 66. Nh4 Qb2+ 67. Kh3 Qc1 68. Kh2 Qd2+ 69. Kh3 Qd6 70. Qb7 Ke6 71. Nf3 Bf6
72. e4 Qd7 73. Qb8 Kf7+ 74. Kg2 Qe6 75. Kh2 Kg7 76. Qc7+ Kg6 77. Qb8 c5 78. Qf8
c4 79. Qc5 h4 80. Nd2 Qg4 81. Nxc4 Qe2+ 82. Kh3 Qxe4 83. Kh2 Qe2+ 84. Kh3 {
Der falsche Randbauer Wenn noch mehr Figuren auf dem Brett sind führt er nicht
automatisch ins Remis:} Qf3 $2 {Nakamura lässt seinen e-Bauern im Stich.} ({Mit
} 84... Qe1 85. Nxe5+ Bxe5 86. Qb6+ (86. Qc6+ $6 Kg5 $19) 86... Bf6 {konnte er
trotz des falschen Randbauern gewinnen, weil Weiß keinen Damentausch erzwingen
kann z.B.} 87. gxh4 Qxh4+ 88. Kg2 Qe4+ 89. Kh2 h5 90. Qg1+ Kh6 91. Qb6 Qf3 92.
Qd6 h4 93. Qf8+ Kg6 94. Qg8+ Bg7 95. Qe6+ Kh5 96. Qe8+ Kh6 97. Qe6+ Bf6 98. Qd6
h3 99. Qf8+ Kg6 100. Qe8+ Kg7 101. Qd7+ Kf8 102. Qc8+ Kf7 103. Qd7+ Be7 104.
Qxh3 Bd6+ $19) 85. Nxe5+ Bxe5 86. Qxe5 Qh1+ 87. Kg4 Qd1+ 88. Kh3 (88. Kxh4 $4 {
wird nett widerlegt:} Qh1+ 89. Kg4 h5+ 90. Kf4 Qf1+ 91. Ke3 Qe1+ 92. Kf4 Qxe5+
93. Kxe5 Kg5 $19 {(Baburin in Chess Today 3659)}) 88... Qh1+ 89. Kg4 Qd1+ 90.
Kh3 Qh1+ 1/2-1/2

[Event "RUS-ch U18"]
[Site "Moscow"]
[Date "1995.??.??"]
[Round "3"]
[White "Filippov, Valerij"]
[Black "Kobalia, Mihail"]
[Result "1-0"]
[WhiteElo "2455"]
[BlackElo "2415"]
[Annotator "Nikitin,A"]
[PlyCount "101"]
[EventDate "1995.??.??"]
[EventType "tourn"]
[EventRounds "11"]
[EventCountry "RUS"]
[EventCategory "8"]
[SourceTitle "CBM 046"]
[Source "ChessBase"]
[SourceDate "1995.06.01"]
[SourceVersion "1"]
[SourceVersionDate "1995.06.01"]
[SourceQuality "1"]

1. Nf3 f5 2. c4 Nf6 3. g3 g6 4. Bg2 Bg7 5. O-O O-O 6. Nc3 d6 7. d4 Qe8 8. b3 e5
9. dxe5 dxe5 10. e4 Nc6 11. Ba3 (11. Nd5 $5 fxe4 12. Ng5 Nxd5 13. cxd5 Nd4 14.
Nxe4 $14 {Balashov/}) 11... Rf7 12. exf5 (12. h3 f4 13. Qd3 Be6 14. Rad1 h6 15.
g4 Nd8 16. Nd5 g5 $10 {Mikhalchishin/}) (12. Re1 f4 $1 13. gxf4 Bg4 (13... Nh5
14. f5 $1 gxf5 15. Ng5 Rd7 16. Nd5 Qg6 17. h4 f4 18. Bh3 Rf7 19. Bxc8 Rxc8 20.
Kh1 f3 21. Rg1 Nd4 22. Nxf7 Qxf7 23. Ne7+ $18) 14. h3 Bxf3 15. Bxf3 Nd4 16. Nb5
Ne6 17. f5 Nf4 18. Bc1 N6h5 $44 {Balashov,Y-Vyzmanavin,A/Irkutsk(URS-ch1l)/
1986/}) 12... gxf5 13. Nd5 e4 14. Re1 Rd7 15. Nh4 Nxd5 16. cxd5 Nd4 (16... Bxa1
17. Nxf5 $1 (17. Qxa1 Rxd5 18. f3 Rd2 (18... Ra5 19. Qc1 e3) 19. fxe4 Rxg2+ 20.
Kxg2 fxe4 21. Qc3 Qe5 22. Qxe5 Nxe5 23. Rxe4 $16) 17... Bc3 (17... Qg6 18. Bxe4
Qf6 19. Qh5 Rf7 20. Nh6+ $18) (17... Bg7 18. Rxe4 Qf7 19. Nxg7 Kxg7 20. Rg4+
Kh8 21. Bb2+ $18) 18. Rxe4 Qd8 19. Qh5 $1 Ne5 20. Rxe5 Bxe5 21. Nh6+ Kg7 22.
Qxe5+ Kxh6 (22... Qf6 23. Bf8+ $18) 23. Bc1+ Kg6 24. Bf3 $18) 17. d6 (17. f3
Nb5 $15) 17... cxd6 (17... Rxd6 18. Bxd6 cxd6 19. Rc1 $16) (17... Nb5 18. Nxf5
$1 (18. Qd5+ $2 Rf7 $17) 18... Nxa3 19. Rxe4 $1 $40) 18. Bb2 $6 (18. Rc1 Nb5
19. Nxf5 Nxa3 20. Rxe4 $44) (18. Qd2 $5) 18... Ne6 $2 (18... Nf3+ $1 19. Bxf3 (
19. Qxf3 Bxb2 20. Nxf5 (20. Rab1 Re7 $1 $17) 20... Bxa1 21. Rxe4 Be5 22. Nh6+
Kg7 (22... Kh8 23. Rxe5 dxe5 24. Qf6+ Rg7 25. Bd5 Bd7 26. Nf7+ Qxf7 27. Bxf7
Rf8 $17) 23. Rg4+ Kh8 (23... Kxh6 24. Qe3+ $18) 24. Rg8+ Qxg8 25. Nxg8 Kxg8 $17
) 19... Bxb2 20. Rb1 (20. Nxf5 Bxa1 21. Bxe4 Be5 22. f4 Rd8 $17) 20... Be5 (
20... Qe5 21. Rxb2 $1 Qxb2 22. Qd5+ Rf7 23. Bh5 Qf6 24. Rc1 Be6 25. Bxf7+ Bxf7
26. Qxb7 Rd8 27. Qxa7 d5 $13) 21. Nxf5 exf3 22. Qd5+ Kf8 23. Rbd1 Qg6 $15) 19.
Bxg7 (19. Nxf5 $5 Bxb2 20. Bxe4 Bxa1 21. Qxa1 Rf7 22. Nh6+ Kf8 23. Bd5 $1 $40)
19... Nxg7 20. Rc1 Qf7 $13 (20... Qe5 $1 21. f3 d5 22. fxe4 fxe4 23. Bxe4 dxe4
24. Rxc8+ Rxc8 25. Qxd7 Re8 26. Qxb7 Qd4+ 27. Kh1 Qf2 28. Qd5+ Kh8 29. Qd1 Qxa2
$10) 21. Qd2 Rd8 $6 (21... d5 22. f3 Qe7 23. Qf4 Rd6 $13) 22. f3 $1 d5 23. fxe4
fxe4 24. Rxe4 Be6 25. Rf4 Qe7 26. Nf3 Bf5 27. Nd4 Bg6 28. h4 Qd6 29. Kh2 Nh5 $2
(29... a6 $1) 30. Nb5 Qd7 31. Rb4 $1 {/\Rc7/} a5 $1 32. Bh3 $1 Qe8 33. Nc7 Qe5
34. Rg4 $1 Rab8 35. Rg5 Qf6 36. Nxd5 Qd6 37. Rd1 Rf8 38. Rxh5 $1 Bxh5 39. Qg5+
Kh8 40. Qxh5 Rf2+ 41. Bg2 Rg8 42. Rd3 $1 (42. Nf4 Rxg2+ 43. Kxg2 Qxf4 44. Qf3
$16) 42... Rxa2 43. Qf3 Qe5 44. Nf4 b6 45. Rd7 Rb2 46. Qd3 Rg7 47. Rxg7 Kxg7
48. Qd7+ Kh6 49. Nd3 Rxg2+ 50. Kxg2 Qe4+ 51. Kf2 1-0

[Event "Dubai op 6th"]
[Site "Dubai"]
[Date "2004.04.25"]
[Round "7"]
[White "Anastasian, Ashot"]
[Black "Dzhumaev, Marat"]
[Result "0-1"]
[WhiteElo "2587"]
[BlackElo "2512"]
[Annotator "Postny,E"]
[PlyCount "93"]
[EventDate "2004.04.19"]
[EventType "swiss"]
[EventRounds "9"]
[EventCountry "UAE"]
[SourceTitle "CBM 101"]
[Source "ChessBase"]
[SourceDate "2004.07.27"]
[SourceVersion "1"]
[SourceVersionDate "2004.07.27"]
[SourceQuality "1"]

1. Nf3 f5 2. c4 d6 3. d4 Nf6 4. Nc3 g6 5. g3 Bg7 6. Bg2 O-O 7. O-O Qe8 ({
Other main possibilities are:} 7... c6) (7... Nc6) 8. d5 Na6 9. Be3 {Both GM's
have experience in this line.} ({More popular continuations are:} 9. Nd4) ({and
} 9. Rb1 {[%cal Gb2b4]}) 9... h6 {Preparing g6-g5 advance.} (9... Bd7 10. Qd2
Ng4 11. Bd4 Bh6 12. e3 c5 13. dxc6 bxc6 14. Ne2 Nf6 15. Bxf6 Rxf6 16. b4 Rb8
17. a3 g5 $132 {1-0 Anastasian,A-Berg,E/Saint Vincent 2000/CBM 78 (40)}) (9...
c5 10. dxc6 bxc6 11. Rc1 c5 12. Qd2 Rb8 13. b3 Nc7 14. Bh6 Bxh6 15. Qxh6 e5 16.
Rcd1 Qe7 17. Qd2 e4 18. Ng5 Rb6 19. Nh3 Re8 20. Nf4 Bb7 $15 {0-1 Hovhanisian,
M-Dzhumaev,M/Linares 2000/CBM 75 (49)}) (9... c6 {- see the annotated game
Bjornsson,T-Kindermann,S/Reykjavik 1998/CBM 64 [Tyomkin,D]}) 10. Qd2 (10. Rb1
g5 11. b4 Qh5 12. b5 Nb8 13. Bd4 Nbd7 14. e3 b6 15. a4 Nc5 16. Nd2 Qxd1 17.
Rfxd1 $14 {1-0 Anastasian,A-Vasiukov,E/Yerevan 1994/EXT 97 (47)}) 10... Kh7 {
Dzhumaev is not in a hurry to push g6-g5 and moving his king to a safer
location.} (10... g5 11. Rab1 Ng4 12. Bd4 Ne5 13. b3 f4 14. Bxe5 dxe5 15. Ne1
h5 16. Nd3 Bf5 17. Be4 $14 {1-0 Anastasian,A-Minasian,A/Panormo 1998/CBM 67
ext (37)}) 11. Rab1 $146 (11. Rae1 e5 12. dxe6 Bxe6 13. Nd4 c6 14. Nxe6 Qxe6
15. b3 Rf7 16. Bd4 Nc5 17. Rd1 Rd7 18. e3 Qf7 {1/2-1/2 Tihonov,J-Malaniuk,V/
Minsk 1998/CBM 64 ext (18)}) 11... c5 12. dxc6 {White should go for en passant
capture, otherwise it will hard for him to find a plan.} bxc6 13. b4 Bd7 14. b5
cxb5 15. cxb5 Nc7 16. a4 {White's plan is simply to push forward his queenside
pawns and create a passed pawn.} (16. Nd4 $6 d5 $15 {[%cal Ge7e5,Gf6e4]}) 16...
Ng4 17. Rfc1 Nxe3 18. fxe3 $5 {A surprising recapture, but an interesting one.
The pawn on e3 prevents black's possible f5-f4 advance.} (18. Qxe3 e6 $13)
18... e5 19. Qxd6 $2 {This is a serious mistake.} ({Necessary was} 19. e4 {
with chances for both sides.}) 19... e4 $1 {[%csl Yg2]} 20. Nd4 {Probably
Anastasian has overestimated his position before playing 18.fxe3. White is a
pawn up, his pieces are quite active, but the bishop on g2 is buried forever,
so black is actually playing with an extra piece...} (20. Qxc7 exf3 21. exf3
Rc8 22. Qxa7 Bxc3 23. Rd1 Rf7 {and black's extra piece is more valuable than
white's three pawns.}) 20... Ne6 21. Qb4 Qf7 22. Rf1 Qg8 $1 {Very nice
manoeuvre. Dzhumaev found the best place for his queen, where it does not
obstructs other pieces.} 23. Nxe6 ({Comes to consideration.} 23. g4 $5 {
attempting to liberate the Bg2.}) 23... Bxe6 24. Rbc1 Rac8 25. Nb1 {The knight
is hanging in many variations, so white is moving it away.} h5 {[%csl Re3]
[%cal Gg7h6,Gh6e3]} 26. Na3 Qf7 27. Rc6 Bd7 $2 {Just a blunder.} (27... Rxc6
28. bxc6 Rc8 29. Bxe4 Qf8 $1 30. Qxf8 Bxf8 $19 {[%csl Ra3,Re4]}) 28. Ra6 $2 {
Missing great opportunity.} (28. Rxc8 $1 Rxc8 (28... Bxc8 29. Bxe4 $14) 29.
Qxe4 $14 {[%cal Gf1f7]}) 28... Bh6 {Now black is on top again.} 29. Qd4 Rc7 30.
Rxa7 Qb3 {[%csl Ra3,Re3]} 31. Kf2 (31. Nc4 Rxa7 32. Qxa7 Rf7 33. Na5 (33. Qd4
Be6 $19) 33... Qxa4 $19) ({The least of the evils for white was probably:} 31.
Kh1 Bxe3 32. Qd6 Rxa7 33. Qxf8 Bd4) {[%tqu "En","Please enter a move for black.
","","","h6e3","This small combination yields black an exchange.",5]} 31...
Bxe3+ $1 {This small combination yields black an exchange.} ({or} 31... Qxe3+
$1) 32. Qxe3 Qxe3+ 33. Kxe3 Rxa7 34. Rd1 Be6 35. Rd4 Rfa8 {White's connected
passed pawns will fall one after another.} 36. Rd6 (36. b6 Rxa4 37. b7 Rxa3+
$19 {with check!}) 36... Rxa4 37. Nc2 Bc4 38. Nd4 Rb4 39. h3 Bxb5 40. g4 {
The last attempt to break black's pawn chain on the kingside, but black can
easily keep it. White's Bg2 remains unemployed till the very end.} Rf8 41. gxf5
gxf5 42. Kf4 Rg8 43. Nc2 Rb2 44. Ne3 Rxe2 45. Rb6 Rf2+ 46. Ke5 Bd3 47. Kd4 0-1